| 000 | 00904nam a2200277 4500 | ||
|---|---|---|---|
| 001 | 21983 | ||
| 003 | BD-RjUL | ||
| 005 | 20211209000743.0 | ||
| 008 | 140306s1973 ne a b 001 0 eng | ||
| 020 | _a0444409777 | ||
| 035 | _a(BD-RjUL)22048 | ||
| 040 |
_aDLC _cDLC _dDLC _dBD-RjUL _beng |
||
| 041 | _aeng | ||
| 082 | 0 | 0 |
_a552.3 _bAUA 1973 |
| 100 | 1 |
_aAugustithis, S. S. _967886 |
|
| 245 | 1 | 0 |
_aAtlas of the textural patterns of granites, gneisses and associated rock types / _cS. S. Augustithis. |
| 260 |
_aAmsterdam ; _aNew York : _bElsevier Scientific Pub. Co., _cc1973. |
||
| 300 |
_axi, 378 p. : _bill. ; _c31 cm. |
||
| 504 | _aBibliography: p. [367]-373. and index. | ||
| 650 | 0 |
_aGranite _xPictorial works. _967887 |
|
| 650 | 0 |
_aGneiss _xPictorial works. _967888 |
|
| 650 | 0 |
_aPetrofabric analysis _xPictorial works. _967889 |
|
| 942 |
_2ddc _cBK |
||
| 999 |
_c21983 _d21983 |
||